La Ética del aborto y la eutanasia / (Record no. 63204)
[ view plain ]
| 000 -LEADER | |
|---|---|
| fixed length control field | 00587cam a2200229 4500 |
| 005 - DATE AND TIME OF LATEST TRANSACTION | |
| control field | 20180824122732.0 |
| 008 - FIXED-LENGTH DATA ELEMENTS--GENERAL INFORMATION | |
| fixed length control field | 180824b1993 ag ||||| |||| 001 0 spa d |
| 020 ## - INTERNATIONAL STANDARD BOOK NUMBER | |
| International Standard Book Number | 9502003160 |
| 050 04 - LIBRARY OF CONGRESS CALL NUMBER | |
| Classification number | HQ767.15 |
| Item number | F37 1993 |
| 100 1# - MAIN ENTRY--PERSONAL NAME | |
| Personal name | Diego Farrell, Martin |
| Relator term | autror |
| 245 13 - TITLE STATEMENT | |
| Title | La Ética del aborto y la eutanasia / |
| Statement of responsibility, etc | Martin Diego Farrell. |
| 250 ## - EDITION STATEMENT | |
| Edition statement | Primera edicón |
| 260 ## - PUBLICATION, DISTRIBUTION, ETC. (IMPRINT) | |
| Place of publication, distribution, etc | Argentina : |
| Name of publisher, distributor, etc | Abeledo-Perrot, |
| Date of publication, distribution, etc | r1993 |
| 300 ## - PHYSICAL DESCRIPTION | |
| Extent | 121 páginas; |
| Dimensions | 23 cm. |
| 504 ## - BIBLIOGRAPHY, ETC. NOTE | |
| Bibliography, etc | Incluye índice |
| 650 #7 - SUBJECT ADDED ENTRY--TOPICAL TERM | |
| Topical term or geographic name as entry element | Eutanasia |
| General subdivision | Aspectos morales y éticos |
| 650 #7 - SUBJECT ADDED ENTRY--TOPICAL TERM | |
| Topical term or geographic name as entry element | Aborto |
| General subdivision | Aspectos morales y éticos |
| 942 ## - ADDED ENTRY ELEMENTS (KOHA) | |
| Source of classification or shelving scheme | Biblioteca del Cogreso de los Estados Unidos |
| Koha item type | Libro |
| Estado de pérdida | Fuente de clasificación | Estado del daño | No para préstamo | Ubicación permanente | Ubicación actual | Apartado o colección | Fecha de adquisición | Edición | Enumeración de Serie / Cronológica | Dependencia de educación superior (DES) | Área del conocimiento | Clasificación | Código de Barras | Date last seen | Número de copia | Tipo de recurso | Nota pública |
|---|---|---|---|---|---|---|---|---|---|---|---|---|---|---|---|---|---|
| Biblioteca del Cogreso de los Estados Unidos | Biblioteca de la Facultad de Derecho y Ciencias Sociales "Felipe J. Tena" | Biblioteca de la Facultad de Derecho y Ciencias Sociales "Felipe J. Tena" | General | 24/08/2018 | 1a ed. | BFD000010671 | Derecho | Ciencias Sociales y Administrativas | HQ767.15 F37 r1993 | BFD000010671 | 24/08/2018 | 1 | Libro | 1a reimpresión |